000 00440nam a2200193Ia 4500
005 20250423100550.0
008 250422s9999 xx 000 0 und d
020 _a0-13-018168-4
050 _aQD 381 .F73/
100 _aFried R. Joel
245 0 _aPolymer science and technology
250 _a2nd ed.
260 _aNew Jersey
260 _bPrentice Hall
260 _c2009
300 _a582 p
650 _aPolymer
942 _cBK
999 _c33691
_d33691